000 00626nam a2200169 i 4500
001 89455
003 ES-MaACL
005 20230906180159.0
007 t|
008 050110s1944 sp ||||1| spa d
100 1 _aLangreo y Contreras, Miguel.
_970073
245 1 0 _aLecciones de Astronomía esférica
_b: teoría y uso del teodolito /
_cpor Miguel Langreo y Contreras.
260 _aMadrid :
_bEscuela Especial de Ingenieros de Minas,
_c1944 (
_fGráficas Reunidas)
300 _a224 p. :
_bmapas pleg. ;
_c25 cm.
710 2 _aEscuela Especial de Ingenieros de Minas (Madrid)
_9172992
852 _aES-MaACL
_jB-10007
_bR.21351
999 _c89455
_d89455